000
00267nam a2200109Ia 4500
001
1268656
005
20260417145254.0
008
260417s9999 xx 000 0 und d
020
_a
9786257587600
245
0
_a
Okulun İlk Günü
_c
Jory John
260
_b
Ketebe Çocuk
999
_c
1268656
_d
1268656